00640nam a2200181Ia 4500008004100000020001800041082002600059100003400085245007200119250000600191260002400197300001100221440002500232500002700257650005700284952010000341999001700441120622s9999 xx 000 0 und d a968-432-355-7 a086.1 S479c v.22 1987 aGaribay Kermes, Angel María aPanorama literario de los pueblos nahuas / Angel María Garibay K. a6 aMéxico : Porrúa a163 p. aSepan cuántos ; 22 aIncluye bibliografía a1. LITERATURA NAHUA - ENSAYOS, CONFERENCIAS, ETC.Ì 00104070a01b01d2007-01-25l0o086.1 S479C V.22 1987p01 002256r2012-06-24w2012-06-24yLB c56473d56473